[Event "Mecklenburg VP LL2 Ost 1819"]
[Site "Mecklenburg VP"]
[Date "2019.03.10"]
[Round "7.6"]
[White "Kasel, Alexander"]
[Black "Scheel, Manfred"]
[Result "1/2-1/2"]
[WhiteElo "1608"]
[BlackElo "1611"]
[PlyCount "96"]
[EventDate "2018.10.21"]
[EventType "team-tourn"]
[EventRounds "9"]
[EventCountry "GER"]
[SourceTitle "EXT 2022"]
[Source "ChessBase"]
[SourceDate "2021.10.06"]
[SourceVersion "1"]
[SourceVersionDate "2021.10.06"]
[SourceQuality "1"]
[WhiteTeam "Torgelow Droegeheide II"]
[BlackTeam "Bergen Rugia"]
[WhiteTeamCountry "GER"]
[BlackTeamCountry "GER"]

1. c4 e6 2. Nc3 Nf6 3. e4 d5 4. e5 Nfd7 5. d4 dxc4 6. Bxc4 Nb6 7. Bb3 c5 8. Nf3 cxd4 9. Nxd4 Be7 10. Qg4 g6 11. Bh6 Bd7 12. Qh3 Bf8 13. Ne4 Nd5 14. Bxd5 exd5 15. Qb3 dxe4 16. Bxf8 Kxf8 17. Qxb7 Kg7 18. e6 Be8 19. exf7 Bc6 20. Ne6+ Kh6 21. Nxd8 Bxb7 22. Nxb7 Nd7 23. Nd6 Rhf8 24. Rc1 Ne5 25. Ke2 Rab8 26. b3 Nxf7 27. Nxe4 Rb7 28. f3 Re7 29. Kf2 Ne5 30. Ke2 Ng4 31. h3 Nf6 32. Ke3 Nd5+ 33. Ke2 Nf4+ 34. Kf1 Nd3 35. Rc3 Nb4 36. Rc4 Nxa2 37. Ke2 a5 38. Ra1 Nb4 39. Rxa5 Rb8 40. Ra4 Nd5 41. Ra3 Nf4+ 42. Kf1 Nd5 43. Rd4 Ne3+ 44. Kf2 Nc2 45. Raa4 Nxd4 46. Rxd4 Rxb3 47. Kg3 Ra3 48. Rc4 Re6 1/2-1/2

[Event "JBLN Ost 1819"]
[Site "Germany"]
[Date "2019.03.02"]
[Round "8.6"]
[White "Schulemann, Gero"]
[Black "Kasel, Alexander"]
[Result "0-1"]
[WhiteElo "1802"]
[BlackElo "1715"]
[PlyCount "50"]
[EventDate "2018.09.29"]
[EventType "team-tourn"]
[EventRounds "9"]
[EventCountry "GER"]
[SourceTitle "CBM 189 Extra"]
[Source "ChessBase"]
[SourceDate "2019.05.31"]
[SourceVersion "1"]
[SourceVersionDate "2019.05.31"]
[SourceQuality "1"]
[WhiteTeam "Halle USV"]
[BlackTeam "Torgelow"]
[WhiteTeamCountry "GER"]
[BlackTeamCountry "GER"]

1. e4 c5 2. Nf3 e6 3. d4 cxd4 4. Nxd4 a6 5. Nc3 Qc7 6. Bd3 Nf6 7. Qe2 d6 8. 0-0 Be7 9. f4 Qb6 10. Be3 Qxb2 11. Ndb5 axb5 12. Nxb5 0-0 13. Rfb1 Rxa2 14. Rxb2 Rxa1+ 15. Kf2 e5 16. f5 d5 17. exd5 Nxd5 18. g4 Bh4+ 19. Kg2 Re1 20. Qf3 Nxe3+ 21. Kh3 Bg5 22. Nd6 Nd1 23. Be2 Nxb2 24. Nxc8 Rxc8 25. Qxb7 Rf8 0-1

[Event "JBLN Ost 1819"]
[Site "Germany"]
[Date "2018.12.01"]
[Round "4.5"]
[White "Kasel, Alexander"]
[Black "Schlegel, Kai Friedrich"]
[Result "0-1"]
[WhiteElo "1715"]
[BlackElo "1835"]
[PlyCount "54"]
[EventDate "2018.09.29"]
[EventType "team-tourn"]
[EventRounds "9"]
[EventCountry "GER"]
[SourceTitle "CBM 189 Extra"]
[Source "ChessBase"]
[SourceDate "2019.05.31"]
[SourceVersion "1"]
[SourceVersionDate "2019.05.31"]
[SourceQuality "1"]
[WhiteTeam "Torgelow"]
[BlackTeam "Magdeburg Aufbau Elbe"]
[WhiteTeamCountry "GER"]
[BlackTeamCountry "GER"]

1. c4 Nf6 2. Nc3 g6 3. g3 Bg7 4. Bg2 0-0 5. Nf3 c5 6. 0-0 Nc6 7. Rb1 d5 8. cxd5 Nxd5 9. Nxd5 Qxd5 10. b3 Bg4 11. Bb2 Qh5 12. Bxg7 Kxg7 13. Re1 Rad8 14. Qc2 Kg8 15. Rbc1 b6 16. Qe4 Rd6 17. Rc4 f5 18. Qe3 Rff6 19. Ng5 h6 20. h3 Qxg5 21. Qxg5 hxg5 22. hxg4 Rxd2 23. gxf5 gxf5 24. Ra4 a5 25. e3 Nb4 26. a3 Nd3 27. Rf1 Nb2 0-1

[Event "Mecklenburg VP VL 1718"]
[Site "Mecklenburg VP"]
[Date "2017.11.12"]
[Round "2.7"]
[White "Schleese, Wolfgang"]
[Black "Kasel, Alexander"]
[Result "1/2-1/2"]
[WhiteElo "1595"]
[BlackElo "1668"]
[PlyCount "50"]
[EventDate "2017.10.08"]
[EventType "team-tourn"]
[EventRounds "9"]
[EventCountry "GER"]
[SourceTitle "EXT 2022"]
[Source "ChessBase"]
[SourceDate "2021.10.06"]
[SourceVersion "1"]
[SourceVersionDate "2021.10.06"]
[SourceQuality "1"]
[WhiteTeam "Wismar ASV Gruen-Weiss"]
[BlackTeam "Torgelow Droegeheide"]
[WhiteTeamCountry "GE2"]
[BlackTeamCountry "GER"]

1. d4 Nf6 2. Nf3 e6 3. Bf4 c5 4. e3 Nc6 5. c3 Be7 6. Bd3 d6 7. 0-0 Nh5 8. Bg3 Nxg3 9. hxg3 a6 10. a4 cxd4 11. cxd4 Bd7 12. Nc3 0-0 13. Qb1 g6 14. e4 Qb6 15. d5 Nb4 16. Bc4 Qc5 17. Bb3 e5 18. Rc1 Qa5 19. Na2 Rac8 20. Nxb4 Qxb4 21. Qd3 f5 22. Nd2 Bg5 23. Rd1 Bxd2 24. Rxd2 fxe4 25. Qe3 Bf5 1/2-1/2

[Event "Mecklenburg VP LL 1617"]
[Site "Mecklenburg VP"]
[Date "2017.02.26"]
[Round "6.8"]
[White "Kasel, Alexander"]
[Black "Dittrich, Carsten"]
[Result "0-1"]
[WhiteElo "1707"]
[BlackElo "1804"]
[PlyCount "48"]
[EventDate "2016.10.16"]
[EventType "team-tourn"]
[EventRounds "9"]
[EventCountry "GER"]
[SourceTitle "EXT 2022"]
[Source "ChessBase"]
[SourceDate "2021.10.06"]
[SourceVersion "1"]
[SourceVersionDate "2021.10.06"]
[SourceQuality "1"]
[WhiteTeam "Torgelow Droegeheide"]
[BlackTeam "Schwerin SF II"]
[WhiteTeamCountry "GER"]
[BlackTeamCountry "GER"]

1. c4 e5 2. Nc3 Bb4 3. g3 Bxc3 4. bxc3 d6 5. Bg2 Nc6 6. d4 Nge7 7. Nf3 0-0 8. Ba3 Bd7 9. 0-0 Re8 10. Qd3 Ng6 11. Nd2 Qc8 12. c5 dxc5 13. Bxc5 exd4 14. cxd4 Bh3 15. e3 Bxg2 16. Kxg2 Qd7 17. Qb3 b6 18. Ba3 Qg4 19. Rac1 Re6 20. Qa4 Nce5 21. h3 Nh4+ 22. Kh2 Nhf3+ 23. Nxf3 Nxf3+ 24. Kg2 Qe4 0-1

[Event "Mecklenburg VP-ch Youth"]
[Site "Malchow"]
[Date "2017.02.12"]
[Round "1.5"]
[White "Kasel, Alexander"]
[Black "Braeutigam, Pascal"]
[Result "0-1"]
[WhiteElo "1707"]
[BlackElo "1404"]
[PlyCount "72"]
[EventDate "2017.02.08"]
[EventType "swiss"]
[EventRounds "7"]
[EventCountry "GER"]
[SourceTitle "EXT 2022"]
[Source "ChessBase"]
[SourceDate "2021.10.06"]
[SourceVersion "1"]
[SourceVersionDate "2021.10.06"]
[SourceQuality "1"]

1. c4 e5 2. Nc3 Nf6 3. g3 g6 4. Bg2 Bg7 5. Nf3 d6 6. d3 0-0 7. 0-0 c6 8. Rb1 Be6 9. Qc2 Qc8 10. Ng5 d5 11. Nxe6 fxe6 12. e4 d4 13. Ne2 Na6 14. b4 Nc7 15. a4 b6 16. Ba3 Nd7 17. Bh3 c5 18. Nc1 Rf6 19. Nb3 Bf8 20. bxc5 Nxc5 21. Nd2 Qd7 22. Bxc5 Bxc5 23. Qa2 Na6 24. Qb3 Nb4 25. f4 exf4 26. e5 Rf7 27. gxf4 Raf8 28. Ne4 Kg7 29. Nf6 Qc8 30. Qd1 Be7 31. Nd5 Nxd5 32. cxd5 Rxf4 33. Rxf4 Rxf4 34. Bxe6 Qf8 35. Qe2 Bc5 36. Rf1 h6 0-1

[Event "Mecklenburg VP-ch Youth"]
[Site "Malchow"]
[Date "2017.02.12"]
[Round "3.9"]
[White "Kasel, Alexander"]
[Black "Stange, Laura"]
[Result "1-0"]
[WhiteElo "1707"]
[BlackElo "1277"]
[PlyCount "97"]
[EventDate "2017.02.08"]
[EventType "swiss"]
[EventRounds "7"]
[EventCountry "GER"]
[SourceTitle "EXT 2022"]
[Source "ChessBase"]
[SourceDate "2021.10.06"]
[SourceVersion "1"]
[SourceVersionDate "2021.10.06"]
[SourceQuality "1"]

1. c4 c5 2. g3 Nf6 3. Bg2 g6 4. Nf3 Bg7 5. 0-0 0-0 6. Nc3 d6 7. Rb1 Nc6 8. d3 Rb8 9. a3 a5 10. Bd2 Be6 11. Na4 b5 12. cxb5 Rxb5 13. Nc3 Rb8 14. Qc1 Qd7 15. Ng5 Bb3 16. Nce4 a4 17. Bc3 Nd8 18. Nxf6+ exf6 19. Ne4 Qe7 20. Qf4 f5 21. Qxd6 Qxd6 22. Nxd6 Bxc3 23. bxc3 Ne6 24. Nb7 Rbc8 25. Rfc1 Kg7 26. Rb2 Nd8 27. Nd6 Rb8 28. Bd5 Ne6 29. Bxb3 axb3 30. Rcb1 Rfd8 31. Nc4 Kf6 32. Rxb3 Rxb3 33. Rxb3 Ra8 34. f4 Kg7 35. Kf2 Kf6 36. e3 Kg7 37. Ke2 Kf6 38. Nb6 Ra6 39. a4 Nd8 40. Nd7+ Kg7 41. Nxc5 Ra5 42. Rb5 Ra7 43. a5 Nc6 44. a6 Rc7 45. d4 Na7 46. Rb7 Rxb7 47. axb7 Nc6 48. Na6 Kf6 49. d5 1-0

[Event "Mecklenburg VP U18"]
[Site "Malchow"]
[Date "2016.02.02"]
[Round "4.2"]
[White "Kasel, Alexander"]
[Black "Bugdahl, Felix"]
[Result "0-1"]
[WhiteElo "1669"]
[BlackElo "1847"]
[PlyCount "82"]
[EventDate "2016.02.02"]
[EventType "swiss"]
[EventRounds "7"]
[EventCountry "GER"]
[SourceTitle "EXT 2024"]
[Source "ChessBase"]
[SourceDate "2023.10.10"]
[SourceVersion "1"]
[SourceVersionDate "2023.10.10"]
[SourceQuality "1"]

1. c4 c5 2. g3 Nf6 3. Bg2 g6 4. Nf3 Bg7 5. 0-0 0-0 6. Nc3 Nc6 7. d3 e6 8. Rb1 d5 9. b3 b6 10. Bb2 Bb7 11. Nb5 a6 12. Nc3 d4 13. Na4 Qc7 14. Bc1 e5 15. Ng5 Rae8 16. a3 Ne7 17. b4 Bxg2 18. Kxg2 h6 19. Nf3 Rb8 20. bxc5 b5 21. cxb5 axb5 22. Nb2 Qxc5 23. Bd2 Nfd5 24. Qb3 Nc3 25. Rbc1 Qd5 26. Qxd5 Nexd5 27. e4 Ne2 28. exd5 Nxc1 29. Rxc1 Rfc8 30. Rxc8+ Rxc8 31. d6 Rd8 32. Bb4 f6 33. Nd2 Bf8 34. Ne4 f5 35. Ba5 Ra8 36. d7 Be7 37. d8Q+ Bxd8 38. Bxd8 Rxd8 39. Nc5 Rc8 40. Nb3 Rc3 41. Nd2 Rc2 0-1

[Event "Mecklenburg VP VL 1516"]
[Site "Mecklenburg VP"]
[Date "2015.12.13"]
[Round "4.7"]
[White "Kasel, Alexander"]
[Black "Krueger, Gerhard"]
[Result "0-1"]
[WhiteElo "1607"]
[BlackElo "1815"]
[PlyCount "64"]
[EventDate "2015.09.20"]
[EventType "team-tourn"]
[EventRounds "9"]
[EventCountry "GER"]
[SourceTitle "EXT 2022"]
[Source "ChessBase"]
[SourceDate "2021.10.06"]
[SourceVersion "1"]
[SourceVersionDate "2021.10.06"]
[SourceQuality "1"]
[WhiteTeam "Torgelow Droegeheide"]
[BlackTeam "Schwerin SF IV"]
[WhiteTeamCountry "GER"]
[BlackTeamCountry "GER"]

1. c4 Nf6 2. Nc3 g6 3. d4 d5 4. Nf3 Bg7 5. Bf4 c6 6. cxd5 Nxd5 7. Be5 f6 8. Bg3 0-0 9. Qb3 Kh8 10. e3 Nb6 11. a4 a5 12. Be2 Na6 13. Bxa6 Rxa6 14. 0-0 Nd5 15. Ne4 Rb6 16. Qa3 Rb4 17. Nc5 g5 18. Nd3 Rb6 19. Nd2 Nb4 20. Nxb4 Rxb4 21. Rac1 Be6 22. f3 Qb6 23. Be1 Re8 24. Rb1 Bf5 25. e4 Qxd4+ 26. Rf2 Be6 27. b3 Qd3 28. Qb2 f5 29. Qa2 Bd4 30. Nc4 Bxc4 31. Bxb4 Bxb3 32. Rxb3 Qd1+ 0-1

[Event "Mecklenburg VP VL 1516"]
[Site "Mecklenburg VP"]
[Date "2015.10.11"]
[Round "2.7"]
[White "Giese, Lothar"]
[Black "Kasel, Alexander"]
[Result "1-0"]
[WhiteElo "1800"]
[BlackElo "1607"]
[PlyCount "49"]
[EventDate "2015.09.20"]
[EventType "team-tourn"]
[EventRounds "9"]
[EventCountry "GER"]
[SourceTitle "EXT 2022"]
[Source "ChessBase"]
[SourceDate "2021.10.06"]
[SourceVersion "1"]
[SourceVersionDate "2021.10.06"]
[SourceQuality "1"]
[WhiteTeam "Stralsund FHSG"]
[BlackTeam "Torgelow Droegeheide"]
[WhiteTeamCountry "GER"]
[BlackTeamCountry "GER"]

1. c4 e5 2. Nc3 Nf6 3. e4 Bb4 4. Nge2 Nc6 5. d3 d6 6. a3 Bxc3+ 7. bxc3 Be6 8. Ng3 h5 9. h4 Ng4 10. f3 Nf6 11. Bg5 Ne7 12. Qd2 Ng6 13. Be2 Qd7 14. d4 Qc8 15. d5 Bd7 16. Bd3 c5 17. a4 a5 18. 0-0 Qc7 19. Rfb1 0-0-0 20. Nf5 Rdg8 21. Rb3 Nh7 22. Rab1 Nxg5 23. Rxb7 Nxf3+ 24. gxf3 Qxb7 25. Nxd6+ 1-0

[Event "Mecklenburg VP VL 1516"]
[Site "Mecklenburg VP"]
[Date "2015.09.20"]
[Round "1.7"]
[White "Kasel, Alexander"]
[Black "Winkler, Karl"]
[Result "1/2-1/2"]
[WhiteElo "1607"]
[BlackElo "1863"]
[PlyCount "146"]
[EventDate "2015.09.20"]
[EventType "team-tourn"]
[EventRounds "9"]
[EventCountry "GER"]
[SourceTitle "EXT 2022"]
[Source "ChessBase"]
[SourceDate "2021.10.06"]
[SourceVersion "1"]
[SourceVersionDate "2021.10.06"]
[SourceQuality "1"]
[WhiteTeam "Torgelow Droegeheide"]
[BlackTeam "Neubrandenburg SG Eintracht"]
[WhiteTeamCountry "GER"]
[BlackTeamCountry "GER"]

1. c4 Nf6 2. Nc3 d5 3. cxd5 Nxd5 4. g3 e6 5. Bg2 Be7 6. Nf3 0-0 7. 0-0 b6 8. d4 Bb7 9. a3 Nxc3 10. bxc3 c5 11. Qc2 cxd4 12. cxd4 Nd7 13. Ng5 Bxg5 14. Bxb7 Rb8 15. Bxg5 Qxg5 16. Qc7 Nf6 17. Rfc1 Nd5 18. Bxd5 Qxd5 19. e3 Rb7 20. Qc6 Qxc6 21. Rxc6 g6 22. Rac1 Rfb8 23. Rd6 b5 24. Ra6 Kf8 25. Rcc6 Ra8 26. Rd6 Ke7 27. e4 Rd7 28. Rxd7+ Kxd7 29. d5 exd5 30. exd5 Kc7 31. Kg2 Kb7 32. Rf6 Rf8 33. Kf3 a5 34. Ke4 Kc7 35. Kd4 Kd7 36. Rb6 b4 37. axb4 axb4 38. Rxb4 Kd6 39. Rb6+ Kd7 40. d6 Ra8 41. Rb7+ Kxd6 42. Rxf7 Rh8 43. Rf6+ Ke7 44. Ke5 Ra8 45. Re6+ Kf7 46. Rc6 Ra5+ 47. Kd4 Ra2 48. Ke3 h6 49. h3 Ra4 50. Rd6 Ra2 51. h4 Rb2 52. h5 gxh5 53. Rxh6 Rb5 54. Kf4 Kg7 55. Re6 Rb2 56. Kf3 Rb4 57. Re4 Rb2 58. Re5 Kg6 59. Ke3 Ra2 60. f4 Ra3+ 61. Kf2 Ra2+ 62. Kf3 Ra3+ 63. Kg2 Ra2+ 64. Kf3 Ra3+ 65. Re3 Ra1 66. Rd3 Ra6 67. Ke4 Re6+ 68. Kd5 Ra6 69. Ke5 Ra5+ 70. Rd5 Rxd5+ 71. Kxd5 Kf5 72. Kd4 h4 73. gxh4 Kxf4 1/2-1/2

[Event "Mecklenburg VP LL2 Ost 1415"]
[Site "Mecklenburg VP"]
[Date "2015.03.15"]
[Round "7.5"]
[White "Kasel, Alexander"]
[Black "Tabbert, Dirk"]
[Result "1/2-1/2"]
[WhiteElo "1550"]
[BlackElo "1629"]
[PlyCount "125"]
[EventDate "2014.09.21"]
[EventType "team-tourn"]
[EventRounds "9"]
[EventCountry "GER"]
[SourceTitle "EXT 2022"]
[Source "ChessBase"]
[SourceDate "2021.10.06"]
[SourceVersion "1"]
[SourceVersionDate "2021.10.06"]
[SourceQuality "1"]
[WhiteTeam "Torgelow Droegeheide II"]
[BlackTeam "Bergen Rugia"]
[WhiteTeamCountry "GER"]
[BlackTeamCountry "GER"]

1. c4 f5 2. Nf3 Nf6 3. d4 e6 4. Nc3 Be7 5. e3 0-0 6. Bd3 d6 7. Qc2 Na6 8. a3 Bd7 9. Bd2 Qe8 10. h3 c6 11. g4 g6 12. gxf5 exf5 13. 0-0-0 Nc7 14. e4 fxe4 15. Nxe4 Nxe4 16. Bxe4 d5 17. cxd5 cxd5 18. Qb3 Rc8 19. Bc2 b6 20. Rde1 Qf7 21. Ne5 Qe8 22. Nxd7 Qxd7 23. Qg3 Ne6 24. Bc3 Bf6 25. Qg4 Rfe8 26. f4 Rc7 27. f5 Nf8 28. fxg6 Rxe1+ 29. Rxe1 hxg6 30. Qf3 Bg5+ 31. Kb1 Qf7 32. Qxf7+ Kxf7 33. Re5 Be7 34. Bd2 Rd7 35. Bb3 Bf6 36. Rxd5 Rxd5 37. Bxd5+ Ne6 38. Be3 Ke7 39. Bxe6 Kxe6 40. Kc2 Kd5 41. Kd3 b5 42. b3 a6 43. Kc3 Be7 44. Bc1 Bf8 45. a4 Be7 46. axb5 axb5 47. Kd3 Bf6 48. Be3 Bg7 49. Kc3 Bf8 50. Bg5 Bd6 51. Bf6 Ba3 52. Kd3 Bc1 53. h4 Bh6 54. Ke2 Ke4 55. Kf2 Be3+ 56. Kg3 Bxd4 57. Bxd4 Kxd4 58. Kg4 b4 59. Kg5 Kc3 60. Kxg6 Kxb3 61. h5 Kc4 62. h6 b3 63. h7 1/2-1/2

[Event "Mecklenburg VP-ch U16"]
[Site "Malchow"]
[Date "2015.02.??"]
[Round "1.3"]
[White "Braeutigam, Pascal"]
[Black "Kasel, Alexander"]
[Result "1/2-1/2"]
[WhiteElo "1297"]
[BlackElo "1572"]
[PlyCount "45"]
[EventDate "2015.02.04"]
[EventType "swiss"]
[EventRounds "7"]
[EventCountry "GER"]
[SourceTitle "EXT 2022"]
[Source "ChessBase"]
[SourceDate "2021.10.06"]
[SourceVersion "1"]
[SourceVersionDate "2021.10.06"]
[SourceQuality "1"]

1. e4 c5 2. Bc4 e6 3. Nf3 d5 4. exd5 exd5 5. Bb5+ Bd7 6. Bxd7+ Qxd7 7. 0-0 Be7 8. d4 Nc6 9. Bf4 Nf6 10. Ne5 Nxe5 11. Bxe5 0-0 12. h3 b6 13. c3 Qb5 14. Qc2 Nd7 15. Re1 Nxe5 16. Rxe5 Qd7 17. Qf5 Qb5 18. b3 g6 19. Qf3 Bd6 20. Rxd5 Rad8 21. dxc5 bxc5 22. Na3 Qc6 23. Rad1 1/2-1/2

[Event "Mecklenburg VP-ch U16"]
[Site "Malchow"]
[Date "2015.02.??"]
[Round "2.6"]
[White "Kasel, Alexander"]
[Black "Schmidt, Alexander"]
[Result "1-0"]
[WhiteElo "1572"]
[BlackElo "1399"]
[PlyCount "91"]
[EventDate "2015.02.04"]
[EventType "swiss"]
[EventRounds "7"]
[EventCountry "GER"]
[SourceTitle "EXT 2022"]
[Source "ChessBase"]
[SourceDate "2021.10.06"]
[SourceVersion "1"]
[SourceVersionDate "2021.10.06"]
[SourceQuality "1"]

1. c4 e5 2. Nc3 Nf6 3. g3 d5 4. cxd5 Nxd5 5. Bg2 Nb6 6. Nf3 Nc6 7. 0-0 Be7 8. d3 0-0 9. a3 Be6 10. b4 f6 11. Bd2 a5 12. b5 Nd4 13. Nxd4 exd4 14. Na4 Bd5 15. Nxb6 cxb6 16. Qa4 Bxg2 17. Kxg2 Qd5+ 18. Kg1 Bc5 19. Qc2 Rfe8 20. Rfe1 Kh8 21. Qa2 Qh5 22. Bc1 Re7 23. Rb1 Rae8 24. Rb2 Qf5 25. Rc2 h5 26. Qc4 h4 27. e4 dxe3 28. Qxh4+ Kg8 29. Qc4+ Kf8 30. fxe3 Bxe3+ 31. Bxe3 Rxe3 32. Rxe3 Rxe3 33. Qc8+ Qxc8 34. Rxc8+ Kf7 35. Rc3 Re2 36. Rc7+ Re7 37. Rxe7+ Kxe7 38. Kf2 a4 39. Ke3 Kd6 40. Kd4 f5 41. h4 g6 42. Kc4 Ke5 43. d4+ Kd6 44. Kd3 Kd7 45. Ke3 Ke6 46. Kf4 1-0

[Event "Mecklenburg VP LL2 Ost 1415"]
[Site "Mecklenburg VP"]
[Date "2014.11.09"]
[Round "2.5"]
[White "Hollender, Dirk"]
[Black "Kasel, Alexander"]
[Result "1-0"]
[WhiteElo "1672"]
[BlackElo "1550"]
[PlyCount "103"]
[EventDate "2014.09.21"]
[EventType "team-tourn"]
[EventRounds "9"]
[EventCountry "GER"]
[SourceTitle "EXT 2022"]
[Source "ChessBase"]
[SourceDate "2021.10.06"]
[SourceVersion "1"]
[SourceVersionDate "2021.10.06"]
[SourceQuality "1"]
[WhiteTeam "Neubrandenburg SG Eintracht III"]
[BlackTeam "Torgelow Droegeheide II"]
[WhiteTeamCountry "GER"]
[BlackTeamCountry "GER"]

1. c4 e5 2. Nc3 Nf6 3. g3 d5 4. cxd5 Nxd5 5. Bg2 Nb6 6. d3 Be7 7. Nf3 Nc6 8. 0-0 0-0 9. a3 Be6 10. b4 a6 11. Bb2 f5 12. Rc1 Bf6 13. Qc2 Qe7 14. Rfd1 Rfd8 15. e3 Rd7 16. Ne1 Qf7 17. Qe2 Rad8 18. Nb1 Rd6 19. Nd2 e4 20. d4 Na4 21. Ba1 Bb3 22. Nc2 Bd5 23. b5 axb5 24. Qxb5 Nb6 25. Bf1 Ra8 26. Bc3 Na4 27. Nb4 Nxb4 28. Bxb4 Rb6 29. Qxd5 Qxd5 30. Bc4 Qxc4 31. Nxc4 Rc6 32. d5 Rxc4 33. Rxc4 Nb2 34. Rdc1 Nxc4 35. Rxc4 Bd8 36. f3 exf3 37. Kf2 Kf7 38. Kxf3 Kf6 39. g4 g5 40. gxf5 Kxf5 41. e4+ Ke5 42. Kg4 b5 43. Bc3+ Kd6 44. Rc6+ Kd7 45. Bb4 Rb8 46. Rh6 Rb6 47. Rxh7+ Kc8 48. e5 Rg6 49. Rh8 Rg7 50. e6 c5 51. Bxc5 Rc7 52. Rxd8+ 1-0

[Event "Mecklenburg VP LL2 Ost 1415"]
[Site "Mecklenburg VP"]
[Date "2014.09.21"]
[Round "1.5"]
[White "Richter, Frank"]
[Black "Kasel, Alexander"]
[Result "1-0"]
[WhiteElo "1730"]
[BlackElo "1550"]
[PlyCount "43"]
[EventDate "2014.09.21"]
[EventType "team-tourn"]
[EventRounds "9"]
[EventCountry "GER"]
[SourceTitle "EXT 2022"]
[Source "ChessBase"]
[SourceDate "2021.10.06"]
[SourceVersion "1"]
[SourceVersionDate "2021.10.06"]
[SourceQuality "1"]
[WhiteTeam "Waterkant Saal SV"]
[BlackTeam "Torgelow Droegeheide II"]
[WhiteTeamCountry "GER"]
[BlackTeamCountry "GER"]

1. d4 Nf6 2. c4 e6 3. Nc3 Bb4 4. Qc2 c5 5. e3 Nc6 6. Nf3 d5 7. a3 Bxc3+ 8. bxc3 0-0 9. Bd3 Qa5 10. Bd2 Bd7 11. 0-0 Rac8 12. cxd5 exd5 13. c4 Qc7 14. cxd5 Ne7 15. Rfc1 Nexd5 16. e4 Nf4 17. Bf1 b6 18. e5 N6d5 19. Qe4 Qb7 20. Bxf4 f5 21. Qxd5+ Qxd5 22. Bc4 1-0

[Event "Magdeburg op-A"]
[Site "Magdeburg"]
[Date "2014.06.13"]
[Round "8"]
[White "Kasel, Alexander"]
[Black "Hesse, Henrik"]
[Result "1/2-1/2"]
[WhiteElo "1498"]
[BlackElo "1623"]
[PlyCount "79"]
[EventDate "2014.06.08"]
[EventType "swiss"]
[EventRounds "9"]
[EventCountry "GER"]
[SourceTitle "CBM 160 Extra"]
[Source "ChessBase"]
[SourceDate "2014.07.01"]
[SourceVersion "1"]
[SourceVersionDate "2014.07.01"]
[SourceQuality "1"]

1. c4 Nf6 2. Nc3 g6 3. g3 Bg7 4. Bg2 0-0 5. Nf3 d6 6. 0-0 e5 7. d3 Nc6 8. Rb1 a5 9. a3 h6 10. Bd2 Be6 11. b4 axb4 12. axb4 Qd7 13. Re1 e4 14. b5 Ne7 15. Nd4 exd3 16. exd3 Rab8 17. Nxe6 fxe6 18. Bh3 Nf5 19. Bg2 e5 20. f4 exf4 21. Bxf4 g5 22. Bd2 Nd4 23. Nd5 Nxd5 24. Bxd5+ Kh8 25. Rf1 Rxf1+ 26. Qxf1 Rf8 27. Qg2 b6 28. Be4 Qg4 29. Re1 Be5 30. Kh1 Rf6 31. Be3 Nf3 32. Rf1 Nd4 33. Bxd4 Bxd4 34. Rxf6 Bxf6 35. Qf1 Qe6 36. Bd5 Qe5 37. Qh3 Qe1+ 38. Kg2 Qe2+ 39. Kh1 Qe1+ 40. Kg2 1/2-1/2

[Event "Magdeburg op-A"]
[Site "Magdeburg"]
[Date "2014.06.12"]
[Round "7"]
[White "Wolff, Marie Antoinette"]
[Black "Kasel, Alexander"]
[Result "1/2-1/2"]
[WhiteElo "1628"]
[BlackElo "1498"]
[PlyCount "122"]
[EventDate "2014.06.08"]
[EventType "swiss"]
[EventRounds "9"]
[EventCountry "GER"]
[SourceTitle "CBM 160 Extra"]
[Source "ChessBase"]
[SourceDate "2014.07.01"]
[SourceVersion "1"]
[SourceVersionDate "2014.07.01"]
[SourceQuality "1"]

1. c4 e5 2. Nc3 Nf6 3. d3 d5 4. cxd5 Nxd5 5. Nf3 Nc6 6. g3 Be7 7. Bg2 Nb6 8. 0-0 0-0 9. a3 Be6 10. b4 a6 11. Bb2 f6 12. Rc1 Qe8 13. e3 Rd8 14. Qe2 Qg6 15. Rfd1 Rd7 16. Nh4 Qf7 17. Nf3 Rfd8 18. d4 Bc4 19. Qe1 Bb3 20. Rd3 f5 21. Rd2 e4 22. Nh4 g5 23. Nxf5 Qxf5 24. Nxe4 Bd5 25. Nc5 Bxg2 26. Kxg2 Bxc5 27. Rxc5 Qg6 28. Qd1 Rd5 29. Qb3 Kf8 30. Rdc2 Rxc5 31. Rxc5 Rd5 32. b5 axb5 33. Qxb5 Rxc5 34. Qxc5+ Kf7 35. e4 Qxe4+ 36. Kg1 Qb1+ 37. Bc1 Na4 38. Qc4+ Kf8 39. Qxa4 Qxc1+ 40. Kg2 Qb1 41. Qa8+ Kf7 42. Qc8 Qe4+ 43. Kg1 Qb1+ 44. Kg2 Ne7 45. Qxc7 b5 46. Qe5 Qf5 47. Qd6 Qd5+ 48. Qxd5+ Nxd5 49. Kf1 b4 50. Ke1 b3 51. Kd2 Kf6 52. a4 Nb4 53. Kc3 Nc2 54. Kxb3 Nxd4+ 55. Kc4 Ke5 56. Kd3 g4 57. Ke3 Nf3 58. h4 h5 59. Kd3 Nh2 60. Ke3 Nf1+ 61. Kd3 Nh2 1/2-1/2

[Event "Magdeburg op-A"]
[Site "Magdeburg"]
[Date "2014.06.10"]
[Round "4"]
[White "Kasel, Alexander"]
[Black "Acikel, Mert"]
[Result "1/2-1/2"]
[WhiteElo "1498"]
[BlackElo "1696"]
[PlyCount "87"]
[EventDate "2014.06.08"]
[EventType "swiss"]
[EventRounds "9"]
[EventCountry "GER"]
[SourceTitle "CBM 160 Extra"]
[Source "ChessBase"]
[SourceDate "2014.07.01"]
[SourceVersion "1"]
[SourceVersionDate "2014.07.01"]
[SourceQuality "1"]

1. c4 e5 2. Nc3 Nf6 3. g3 Be7 4. Bg2 d6 5. Nf3 0-0 6. 0-0 Nc6 7. d3 Re8 8. Rb1 Bf8 9. Nd2 Rb8 10. a3 h6 11. b4 Nd4 12. Nf3 Ne6 13. b5 Nc5 14. Nd2 Be6 15. f4 exf4 16. Rxf4 Bg4 17. Nde4 Ncxe4 18. Nxe4 Nxe4 19. Bxe4 Be6 20. a4 d5 21. cxd5 Bxd5 22. Bxd5 Qxd5 23. e3 Rbd8 24. d4 Qc4 25. Qb3 Qe6 26. Qxe6 Rxe6 27. Bd2 Be7 28. Rbf1 Rf6 29. Rxf6 Bxf6 30. Rf5 Be7 31. Bc3 Bd6 32. e4 Be7 33. Kg2 Kf8 34. e5 Rd5 35. Kf3 g6 36. Ke4 c6 37. bxc6 bxc6 38. Rf3 Ke8 39. Bd2 h5 40. Rb3 Rd7 41. Rb8+ Rd8 42. Rb7 Rd7 43. Rb8+ Rd8 44. Rb7 1/2-1/2

[Event "GER-chT North U14"]
[Site "Magdeburg"]
[Date "2013.09.12"]
[Round "2.2"]
[White "Karrasch, Lars"]
[Black "Kasel, Alexander"]
[Result "1-0"]
[WhiteElo "1269"]
[BlackElo "1412"]
[PlyCount "47"]
[EventDate "2013.09.12"]
[EventType "team-swiss"]
[EventRounds "7"]
[EventCountry "GER"]
[SourceTitle "EXT 2014"]
[Source "ChessBase"]
[SourceDate "2013.11.20"]
[SourceVersion "1"]
[SourceVersionDate "2013.11.20"]
[SourceQuality "1"]
[WhiteTeam "Schwerin"]
[BlackTeam "Torgelow"]
[WhiteTeamCountry "GER"]
[BlackTeamCountry "GER"]

1. d4 Nf6 2. Bf4 e6 3. e3 c5 4. Nf3 d5 5. c3 Nbd7 6. Nbd2 b6 7. Be2 Be7 8. 0-0 0-0 9. Qc2 Bb7 10. h3 a6 11. Rfe1 b5 12. dxc5 Nxc5 13. Nb3 Rc8 14. Nxc5 Rxc5 15. Bd3 b4 16. Qb3 Rc8 17. cxb4 Qb6 18. a3 a5 19. b5 Ne4 20. Bxe4 dxe4 21. Nd4 Bd5 22. Qd1 f6 23. Bg3 e5 24. Nf5 1-0